Nghệ thuật thơ Chế Lan Viên qua tập Điêu tàn

Chế Lan Viên - "người lạ mặt giữa thế giới điêu tàn''...Thế giới hình tượng trong thơ Chế Lan Viên qua tập Điêu tàn...Đặc trưng giọng điệu thơ Chế Lan Viên qua tập Điêu tàn...

محفوظ في:
التفاصيل البيبلوغرافية
المؤلف الرئيسي: Lê, Thị Trang
مؤلفون آخرون: Nguyễn, Phong Nam Người hướng dẫn (GVC.TS)
التنسيق: كتاب
اللغة:Vietnamese
منشور في: Đại học Sư Phạm Đại học Đà Nẵng 2011
الموضوعات:
الوسوم: إضافة وسم
لا توجد وسوم, كن أول من يضع وسما على هذه التسجيلة!
Thư viện lưu trữ: Mạng thư viện Đại học Đà Nẵng
LEADER 01156nam a2200301 4500
001 000011157
003 7389
005 20120202100226.0
008 120202s2011 viesd
041 |a vie 
072 |a Khóa luận tốt nghiệp - Cử nhân văn học 
082 |a 895.9221  |b LE-T 
100 1 |a Lê, Thị Trang 
245 1 |a Nghệ thuật thơ Chế Lan Viên qua tập Điêu tàn  |c Lê, Thị Trang 
260 |a Đại học Sư Phạm  |b Đại học Đà Nẵng  |c 2011 
300 |a 65 tr.  |c 29 cm. 
500 |a Khóa luận tốt nghiệp 
520 |a Chế Lan Viên - "người lạ mặt giữa thế giới điêu tàn''...Thế giới hình tượng trong thơ Chế Lan Viên qua tập Điêu tàn...Đặc trưng giọng điệu thơ Chế Lan Viên qua tập Điêu tàn... 
653 |a Điêu tàn  |a Chế Lan Viên 
700 |a Nguyễn, Phong Nam  |c Người hướng dẫn  |e GVC.TS 
OWN |a LSP 
999 |a From the UDN01 
TYP |a Monograph 
TYP |a Printed language 
980 |a Mạng thư viện Đại học Đà Nẵng